000 00889nam a22002657a 4500
008 130821s1914 sp gr spa
040 _aCo-BoUCM
_bspa
041 0 0 _aspa
092 _aFM 000591
100 _aCasanovas, Ignacio
_9148531
245 0 0 _aAcción de la mujer en la vida social
_cIgnacio Casanovaas
250 _a2a. ed. corregida y aumentada
260 _aBarcelona (España)
_bGustavo Gili
_c1914
300 _a262 páginas
500 _aIncluye índice. -- Este libro se encuentra en el depósito de la biblioteca
650 0 4 _aAcción católica
_98335
650 0 4 _aAcción social
_98355
650 0 4 _aLaicos
_918263
650 0 4 _aMujeres
_919882
650 0 4 _aMujeres
_xVida espiritual
_919882
650 0 4 _aMujeres
_xVida social y costumbres
_919882
650 0 4 _aVida espiritual
_926229
650 0 4 _aVida social y costumbres
_98225
942 _cLIBRO
_a27
_e2
_n0
999 _c84483
_d84483